000 00684nam a2200229Ia 4500
003 OSt
005 20220712103141.0
008 210716s2009 xx 000 0 und d
020 _a9780821848609
040 _cAIMIT LIBRARY
041 _aeng
082 _a511.8
_bRAMS
100 _aRamanan, S.
_948221
245 _aGlobal calculus /
_cBy S Ramanan
250 _a1st ed.
260 _aHyderabad :
_bUniversities Press ,
_c2009.
300 _axi,316p. ;
_c24 cm.
650 _aCohomology of sheaves and applications
_948222
650 _aManifolds with additional structures
_948223
650 _aVanishing theorems and applications
_948224
942 _2ddc
_cBK
_e1st
_k511.8 RAMS
999 _c193359
_d193359